00787nab a2200217 uc450000100070000000500170000700800410002403500110006503500210007604000130009704100080011010000480011824500800016665000670024665000320031365000580034570000370040377301020044094200100054299900170055220134220240403090726.0980609e19960901 spa  a201342 a(OCoLC)819762998 ccomduadb aspa10aDarcy de Oliveira, Miguel4auteaut928846910aHacia una nueva sociedad civil global. "Ni principe ni mercader: ciudadano" 7aParticipación ciudadanazMedellín (Colombia)2lemb9207315 7aSociedad civil2lemb910298 7aGlobalizaciónxAspectos económicos2embne915027310aTandom, Rajesh4auteaut92884700 tPerfiles Liberales (México)gVol. 10, No. 49, Sep-Oct. 1996, p. 64-67w171486z0121389X0179434 cARIMP c82322d82322